[Event "FIDE Chesscom Grand Swiss 2019"]
[Site "Douglas-Isle of Man"]
[Date "2019.10.20"]
[Round "10.1"]
[White "Caruana, Fabiano"]
[Black "Anton Guijarro, David"]
[Result "1-0"]
[WhiteElo "2812"]
[BlackElo "2674"]
[Annotator "TA"]
[PlyCount "115"]
[EventDate "2019.10.10"]
[EventType "swiss"]
[EventCountry "GBR"]
[SourceTitle "playchess.com"]
[Source "ChessBase"]
[SourceQuality "1"]

{[%evp 9,115,16,17,16,34,25,25,25,51,35,35,35,25,25,25,26,23,26,32,23,17,17,27,26,36,31,27,0,0,0,0,12,53,0,10,7,14,4,40,41,56,56,68,67,68,68,68,68,67,68,68,68,68,42,64,73,80,4,4,8,8,8,4,8,21,24,19,0,70,90,72,75,80,79,162,132,220,215,957,952,1034,941,976,950,925,828,1362,1410,1279,1256,1086,1031,1414,481,29959,29960,29986,29987,29987,29988,29988,29989,29989,29990,29995,29996,29996,29997]} 1. c4 e5 2. Nc3 Nc6 3. Nf3 g6 4. d4 exd4 5. Nxd4 Bg7 6. Nxc6 {A27: English Opening: Three Knights Variation} dxc6 (6... bxc6 7. g3 Ne7 8. Bg2 O-O 9. O-O d6 10. Bg5 Be6 11. Qd3 Rb8 12. b3 c5 13. Rad1 h6 14. Bc1 Re8 15. Qd2 Kh7 16. Bb2 Ng8 17. Rfe1 Nf6 18. h3 {½-½ (33) So,W (2765)-Mamedyarov,S (2817) Kolkata 2018}) 7. Qxd8+ Kxd8 8. Bg5+ {White has an edge.} Ke8 9. O-O-O {[%csl Gg5][%cal Rd1d8]} Be6 10. e4 Bh6 $146 ({Predecessor:} 10... Nf6 11. h3 Nd7 12. Nd5 Be5 13. Be3 f6 14. f4 Bd6 15. Nc3 Bc5 16. Bxc5 Nxc5 17. Be2 a5 18. b3 Ke7 19. Bg4 Bf7 20. h4 Rhd8 {½-½ (20) Janssen,R (2504)-Brandenburg,D (2435) Hilversum 2008}) 11. Bxh6 Nxh6 12. Be2 Ke7 13. b3 f6 14. h4 Nf7 15. f4 h5 16. Bf3 a5 17. Rhe1 Bg4 18. Bxg4 hxg4 19. g3 Rad8 20. Rxd8 Kxd8 $11 {[%mdl 4096] Endgame KRN-KRN} 21. Rh1 Ke7 22. Kd2 b6 23. Nd1 a4 (23... Nd6 $5 {[%cal Rd6e4]} 24. Nf2 Kf7 $14) 24. Nf2 axb3 25. axb3 Ra8 26. h5 Ra2+ 27. Ke3 gxh5 28. Rxh5 Rb2 29. Nxg4 {Strongly threatening Rh7.} Rxb3+ 30. Kf2 Rb2+ 31. Kf1 Rb1+ 32. Ke2 {Hoping for Rh7.} Rb2+ 33. Kf3 (33. Kd1 $16) 33... Rb3+ 34. Kg2 {Black must now prevent Rh7.} Rb2+ 35. Kh3 {White wants to play Rh7.} Rb1 $1 36. Rf5 Nd6 37. Rxf6 {e5 is the strong threat.} Nxe4 38. Rg6 Rh1+ (38... b5 $11) 39. Kg2 $14 Rc1 40. Ne5 ({But not} 40. Rxc6 Rc3 $11) 40... Rc2+ 41. Kh3 $1 c5 (41... Kf8 $16) 42. Kg4 Nd6 (42... Rf2 $16) 43. f5 $1 $18 Nxc4 $2 (43... Rf2) 44. Re6+ Kd8 {[#]} 45. Nxc4 $1 Rxc4+ {KR-KR} 46. Kg5 Rc3 47. g4 c4 48. Kf6 Rg3 49. g5 c3 50. g6 b5 51. g7 (51. Kg7 $142 {And now f6 would win.} b4 52. f6) 51... b4 {[#]} (51... Kd7 $18) 52. Kf7 $1 {White mates.} Rxg7+ 53. Kxg7 {KR-K3P} c2 54. Re1 b3 55. f6 b2 56. f7 c1=Q 57. f8=Q+ Kd7 58. Qf5+ {Accuracy: White = 74%, Black = 49%.} 1-0

[Event "FIDE Chesscom Grand Swiss 2019"]
[Site "Douglas-Isle of Man"]
[Date "2019.10.20"]
[Round "10.1"]
[White "Amin, Bassem"]
[Black "Sadhwani, Raunak"]
[Result "1-0"]
[WhiteElo "2699"]
[BlackElo "2479"]
[Annotator "TA"]
[PlyCount "31"]
[EventDate "2019.10.10"]
[EventType "swiss"]
[EventCountry "GBR"]
[SourceTitle "playchess.com"]
[Source "ChessBase"]
[SourceQuality "1"]

{[%evp 12,49,0,20,0,0,0,0,0,0,0,9,213,214,221,236,219,224,235,221,235,175,381,373,358,279,293,286,418,395,543,568,950,946,1111,991,1827,1825,1660,1626]} 1. Nf3 d5 2. g3 Nf6 3. Bg2 c6 4. c4 dxc4 5. O-O Nbd7 6. Na3 {[%cal Bb1a3,Ba3c4,Bc4e5][%mdl 32]} Nb6 7. Qc2 Be6 {A11: English Opening: 1...c6} (7... g6 8. Nxc4 Nxc4 9. Qxc4 Bg7 10. d3 O-O 11. Bd2 Nd5 12. Qc1 a5 13. Bh6 Bg4 14. Bxg7 Kxg7 15. Ne5 {½-½ (40) Aronian,L (2794)-Vitiugov,N (2735) Karlsruhe/Baden-Baden 2018}) 8. Ng5 Bg4 9. Nxc4 Bxe2 {The position is equal.} 10. Ne5 $1 Bh5 $1 11. Re1 e6 $2 (11... h6 $11 {and Black is okay.} 12. Ne4 e6) 12. Bf3 $1 $18 {[%cal Rf3h5]} Bg6 {[#]} 13. Bxc6+ $1 {[%mdl 512] [#]} Nbd7 $146 ({Of course not} 13... bxc6 14. Qxc6+ Nfd7 15. Ngxf7 $1 $18 {[%mdl 512]}) ({Predecessor:} 13... bxc6 14. Qxc6+ Nfd7 15. Nexf7 Bxf7 16. Nxf7 {1-0 (28) Grandelius,N (2541)-Perunovic,M (2578) Sarajevo 2011}) 14. Nxg6 hxg6 15. Bxb7 {Qc4 is the strong threat.} Rb8 {[#]} 16. Rxe6+ {Played: Bb7-d5} 1-0

[Event "FIDE Chesscom Grand Swiss 2019"]
[Site "Douglas-Isle of Man"]
[Date "2019.10.20"]
[Round "10.2"]
[White "Nakamura, Hikaru"]
[Black "Aronian, Levon"]
[Result "1/2-1/2"]
[WhiteElo "2745"]
[BlackElo "2758"]
[Annotator "TA"]
[PlyCount "61"]
[EventDate "2019.10.10"]
[EventType "swiss"]
[EventCountry "GBR"]
[SourceTitle "playchess.com"]
[Source "ChessBase"]
[SourceQuality "1"]

{[%evp 9,61,9,14,11,3,6,13,24,18,8,22,0,0,0,0,0,0,0,10,0,0,-5,0,0,0,0,0,0,0,0,0,0,4,11,4,0,0,0,0,0,0,0,11,6,23,18,31,29,49,0,23,0,41,0]} 1. e4 e5 2. Nf3 Nc6 3. Bb5 Nf6 4. d3 Bc5 5. c3 d5 6. exd5 {C65: Ruy Lopez: Berlin Defence (3...Nf6), unusual lines and 4 0-0 Bc5} Qxd5 7. Bc4 Qd6 8. b4 {The position is equal.} Bb6 9. a4 $146 {[#] a5 is the strong threat.} ({Predecessor:} 9. Nbd2 O-O {1-0 (53) Caruana,F (2832)-Aronian,L (2765) London 2018}) 9... O-O 10. Nbd2 Bf5 {aiming for ...Ng4.} 11. Ba3 {Strongly threatening b5.} e4 $1 {[%cal Re4f3]} (11... Bxd3 12. b5 $16) 12. dxe4 Nxe4 13. Nxe4 Bxe4 14. Qxd6 cxd6 15. O-O-O Rac8 {White must now prevent ...Ne5.} 16. Bb3 Rfd8 17. Bxf7+ {[%mdl 64] [#] Decoy} Kxf7 18. Ng5+ {[%mdl 64] Double Attack} Kg6 19. Nxe4 d5 20. Nc5 Bxc5 21. bxc5 Na5 22. Kc2 Nc4 23. Kb3 Nxa3 24. Kxa3 Rxc5 $11 {[%mdl 4096] Endgame KRR-KRR} 25. Rd3 b5 26. a5 Rb8 27. Rb1 Rbc8 28. Kb3 Rb8 29. Ka3 Rbc8 30. Kb3 Rb8 31. Ka3 {Accuracy: White = 77%, Black = 73%.} 1/2-1/2

[Event "FIDE Chesscom Grand Swiss 2019"]
[Site "Douglas-Isle of Man"]
[Date "2019.10.20"]
[Round "10.2"]
[White "Van Foreest, Jorden"]
[Black "Artemiev, Vladislav"]
[Result "1/2-1/2"]
[WhiteElo "2621"]
[BlackElo "2746"]
[Annotator "TA"]
[PlyCount "105"]
[EventDate "2019.10.10"]
[EventType "swiss"]
[EventCountry "GBR"]
[SourceTitle "playchess.com"]
[Source "ChessBase"]
[SourceQuality "1"]

{[%evp 22,105,26,24,14,24,36,42,41,37,31,16,37,12,18,18,74,63,77,39,67,55,87,66,68,68,64,52,104,106,106,125,147,139,206,125,180,184,183,143,163,99,97,100,102,10,38,38,31,31,22,27,25,0,6,6,35,15,36,32,29,23,23,24,28,29,33,0,0,0,0,0,0,0,0,0,0,0,0,0,0,0,0,0,0,0]} 1. e4 c6 2. d4 d5 3. Nd2 dxe4 4. Nxe4 Bf5 5. Ng3 Bg6 6. h4 h6 7. Nf3 Nd7 8. h5 Bh7 9. Bd3 Bxd3 10. Qxd3 e6 11. Bd2 Ngf6 12. O-O-O a5 {B19: Classical Caro-Kann: 4...Bf5 main line} (12... Be7 13. Kb1 Qb6 14. Ne5 Rd8 15. Qe2 O-O 16. Bc1 c5 17. Nxd7 Rxd7 18. dxc5 Qxc5 19. Rxd7 Nxd7 20. Ne4 Qc6 21. Rh3 {0-1 (55) Ponomariov,R (2675)-Esipenko,A (2624) Khanty-Mansiysk 2019}) 13. Kb1 Bb4 14. Bc1 a4 {White is slightly better.} 15. a3 Be7 16. Qe2 b5 17. Ne5 Qc7 $146 ({Predecessor:} 17... Qb6 18. Ne4 b4 19. axb4 Bxb4 20. Ka2 {1-0 (86) Hakobyan,A (2554)-Hando,V (2382) Budapest 2019}) 18. Ne4 Nd5 (18... Nxe4 $11 {keeps the balance.} 19. Qxe4 Nxe5) 19. Qg4 $36 {[%mdl 2048] White has good play.} Rg8 20. Nxd7 Kxd7 21. Qf3 Raf8 22. Nc5+ Bxc5 23. dxc5 Qa7 24. Be3 Kc8 (24... Ke7 $14) 25. Rh4 $16 Rd8 26. c4 bxc4 27. Rxc4 e5 (27... Nxe3 $16 28. Qxc6+ (28. fxe3 Rxd1+ 29. Qxd1 Rd8 $16) 28... Qc7 29. Qa8+ Qb8 30. Qxb8+ Kxb8 31. Rxd8+ Rxd8 32. fxe3 Rd5) 28. Bc1 Rd7 (28... Rge8 $16) 29. Qg4 Rgd8 30. Rxa4 Qxc5 {[#]} 31. Rc4 (31. Rd2 $1 $18) 31... Qb5 32. a4 Qa6 33. Rc2 ({Of course not} 33. Rxd5 f5 $11) ({White should play} 33. b3 $16 {Rxd5 is the strong threat.} Kb8 34. Qxg7) 33... Kb8 34. Re1 f6 35. Qc4 Qxc4 36. Rxc4 Kb7 37. f4 exf4 38. Bxf4 Nb6 39. Rce4 Rd1+ 40. Rxd1 Rxd1+ $14 {[%mdl 4096] Endgame KRB-KRN} 41. Kc2 Rd5 42. Re7+ Ka6 $1 43. Rxg7 {[#] Hoping for g4.} Rxh5 44. Be3 Re5 $1 {[%cal Re5e3] The position is equal.} 45. Bd4 Rd5 46. Bxf6 {Threatens to win with b3.} Nxa4 47. g4 Nc5 48. Rh7 Ne4 49. Rxh6 Rd2+ 50. Kb3 Rg2 51. g5 Nxg5 52. Bxg5 Rxg5 53. Rxc6+ {Accuracy: White = 55%, Black = 58%.} 1/2-1/2

[Event "FIDE Chesscom Grand Swiss 2019"]
[Site "Douglas-Isle of Man"]
[Date "2019.10.20"]
[Round "10.3"]
[White "Carlsen, Magnus"]
[Black "Matlakov, Maxim"]
[Result "1-0"]
[WhiteElo "2876"]
[BlackElo "2716"]
[Annotator "TA"]
[PlyCount "159"]
[EventDate "2019.10.10"]
[EventType "swiss"]
[EventCountry "GBR"]
[SourceTitle "playchess.com"]
[Source "ChessBase"]
[SourceQuality "1"]

{[%evp 16,159,0,-55,-45,-33,-14,-20,18,0,0,0,-7,-43,-55,-52,-53,-55,-48,-65,-48,-57,0,0,0,-24,0,-39,-49,-43,-48,-42,-65,-72,-42,-56,-64,-50,161,58,63,78,89,81,66,87,135,127,116,147,657,648,1162,1166,1051,471,706,210,210,210,210,210,210,210,210,210,250,250,250,250,250,250,251,234,218,220,211,183,331,331,339,339,339,338,357,357,357,357,408,408,481,466,5147,5147,5147,5147,5147,5147,5147,5147,5147,5147,5147,5147,5147,5147,5147,5147,5147,5147,5147,5147,5147,5139,5139,5132,5131,5125,5147,5147,5147,5147,5140,5139,5116,5125,5125,5125,5125,5125,5118,5118,5118,5118,5117,5117,5116,5110,5109,5109,5106,5106,5101,5094,5091,4891]} 1. d4 Nf6 2. c4 e6 3. Nf3 d5 4. Nc3 c6 5. Bg5 h6 6. Bh4 dxc4 7. e4 g5 8. Bg3 b5 9. h4 ({Better is} 9. Be2 $11) 9... g4 $1 $15 {[%cal Rg4f3] D43: Semi-Slav: 5 Bg5 h6} 10. Ne5 Nbd7 11. Be2 Bb7 {The position is equal.} 12. Nxd7 (12. Nxg4 b4 13. Nxf6+ Nxf6 14. Na4 Nxe4 15. Be5 Rg8 16. Bxc4 Bd6 17. Qh5 Bxe5 18. Qxe5 c5 19. Nxc5 Nxc5 20. dxc5 {½-½ (41) Sarana,A (2655)-Matlakov,M (2710) Izhevsk 2019}) 12... Qxd7 13. Be5 Qe7 14. b3 Rg8 15. Qc2 {[#]} b4 $146 ({Predecessor:} 15... Nd7 16. Bg3 b4 17. Na4 Bg7 18. Rd1 c3 {½-½ (42) Yalov,S (2426)-Hatzl,J (2507) ICCF email 2016}) 16. Na4 c3 17. a3 Nd7 $1 18. Bg3 Bg7 (18... a5 $1 $15) 19. Rd1 $11 a5 20. O-O Bf6 21. Nc5 (21. Bc7 $5 {[%cal Re4e5]}) 21... Nxc5 22. dxc5 e5 (22... bxa3 $6 23. Bd6 $16) (22... Qxc5 $5 23. Bd6 $8 Qb6 24. axb4 axb4 $15) 23. Rd6 Bxh4 24. Bc4 Bg5 (24... Rg6 $5 {[%cal Rh4g3]} 25. Qd3 Bg5 $15) 25. Qd3 Rg6 (25... bxa3 26. Qxc3 Ba6 27. Bxa6 $16) 26. f4 exf4 $2 {[#]} (26... gxf3 $1 $15 27. Qxf3 Rg7 28. Bxe5 Qxe5 29. Bxf7+ Kf8 30. Bc4+ Bf4 31. Qxf4+ Qxf4 32. Rxf4+ Ke8) 27. Bxf4 (27. e5 $1 $18) 27... Bxf4 $14 28. Rxf4 c2 29. Qxc2 Rxd6 30. cxd6 Qxd6 {[#]} 31. e5 $1 {[%cal Re5d6]} Qc5+ {[#]} 32. Kh1 $1 {[%mdl 512]} Qe3 $2 {[%mdl 8192]} (32... Qe7 $16) 33. Qf5 $18 Kd8 34. Qxf7 {Hoping for e6.} Kc8 35. axb4 (35. Qf8+ $142 Kc7 36. Qe7+ Kb6 37. Rf7) 35... Qxe5 (35... Kb8 $142 36. e6 (36. Rxg4 Qxe5 37. Bf1 Bc8 $16) 36... h5) 36. Qf8+ $2 (36. b5 Qe1+ 37. Bf1 Qh4+ 38. Kg1) 36... Kc7 37. Rf7+ Kb6 38. bxa5+ {[%mdl 64] Overworked Piece} Qxa5 39. Qe7 $40 {[%mdl 128] White wants a kill.} ({Don't go for} 39. Qxh6 $2 Qa1+ 40. Rf1 Qd4 $19) 39... Qh5+ 40. Kg1 {Threatening mate with Qb4+.} Ra1+ 41. Bf1 Qxf7 42. Qxf7 {Qf2+ is the strong threat.} Ba6 43. Qf2+ Kb7 44. Qd4 ({Don't play} 44. Qf7+ Kb6 $16) 44... Rxf1+ {[%mdl 4096] Endgame KQ-KRB} 45. Kh2 h5 46. Qc5 Rb1 (46... g3+ $142 47. Kxg3 Rh1 48. Qe7+ Kb6 49. Qd8+ Kc5 50. Qe7+ Kb6 51. Qd8+ Kc5 52. Qe7+ Kb6) 47. Qxh5 {aiming for Qh7+.} Kb6 48. Qxg4 Rxb3 49. Qg8 Rd3 50. g4 Rd5 51. g5 Bd3 52. g6 Bxg6 53. Qxg6 {KQ-KR. White is clearly winning.} Kc7 (53... Rd4 $142 54. Kg3 Kb5) 54. Qf7+ Kb8 55. Kg3 Rg5+ 56. Kf4 Rd5 57. Qf8+ Kb7 58. Qb4+ Kc7 59. Ke4 Kc8 60. Qb6 Kd7 61. Qb7+ Kd6 62. Qc8 Kc5 63. Qb8 Rh5 64. Kf4 Rd5 65. Kg4 Kc4 66. Qb6 Rd4+ 67. Kf5 c5 68. Qa5 Rd5+ 69. Ke6 {White wants to mate with Qa2+.} Rd4 70. Qa4+ Kc3 71. Qa3+ Kc4 72. Qa5 Rd3 73. Qa4+ Kc3 74. Qa3+ Kc4 75. Qc1+ Kb4 76. Qb2+ Kc4 77. Qc2+ Kd4 78. Kd6 c4 79. Qf2+ Re3 80. Qd2+ {Accuracy: White = 69%, Black = 46%.} 1-0

[Event "FIDE Chesscom Grand Swiss 2019"]
[Site "Douglas-Isle of Man"]
[Date "2019.10.20"]
[Round "10.3"]
[White "Bu, Xiangzhi"]
[Black "Parligras, Mircea-Emilian"]
[Result "1/2-1/2"]
[WhiteElo "2721"]
[BlackElo "2629"]
[Annotator "TA"]
[PlyCount "63"]
[EventDate "2019.10.10"]
[EventType "swiss"]
[EventCountry "GBR"]
[SourceTitle "playchess.com"]
[Source "ChessBase"]
[SourceQuality "1"]

{[%evp 13,63,21,29,21,12,0,-9,-9,-6,-16,25,-14,35,-23,0,-24,-23,-29,-30,-31,-29,-28,-26,-32,-43,-42,-29,-35,-20,-30,-30,-36,-20,-16,0,-3,0,0,0,0,0,-2,-2,-2,-2,-2,-2,-2,-2,-2,-2,-3]} 1. c4 e6 2. Nc3 d5 3. d4 Bb4 4. Nf3 Nf6 5. Bg5 dxc4 6. e4 h6 7. Bxf6 Qxf6 8. e5 {D39: Queen's Gambit Declined: Ragozin Defence with 5 Bg5 dxc4} (8. Bxc4 c5 9. O-O cxd4 10. Nb5 Qe7 11. Qxd4 O-O 12. Nxa7 Bc5 13. Nxc8 Rxc8 14. Qd3 Nc6 15. Qe2 Rd8 16. Rad1 Qf6 {½-½ (50) Ding,L (2805)-Carlsen,M (2861) Abidjan 2019}) 8... Qd8 9. Qa4+ Nc6 10. Bxc4 Bd7 {Threatens to win with ...Nxd4!} 11. Qc2 Na5 12. Be2 c5 13. O-O $146 (13. dxc5 $14 Rc8 14. a3 Bxc5 15. O-O) ({Predecessor:} 13. dxc5 Rc8 14. a3 Bxc5 15. O-O Be7 {1-0 (23) Edouard,R (2636)-Magem Badals,J (2593) Barcelona 2010}) 13... cxd4 $1 $11 14. Nb5 {[#] Nc7+ is the strong threat.} O-O 15. Rfd1 Rc8 16. Qe4 Bc6 17. Qxd4 Qxd4 18. Nfxd4 Bxb5 19. Bxb5 Rfd8 20. Nf3 a6 21. Rxd8+ Rxd8 22. Be2 g5 23. h3 {The position is equal.} Bc5 24. Rc1 Bb6 25. Kf1 Kg7 26. Rc3 Rd7 27. Bd3 Rc7 28. Rxc7 Bxc7 29. Be4 Nc4 30. Bxb7 a5 31. b3 Nxe5 32. Nxe5 {Accuracy: White = 65%, Black = 63%.} 1/2-1/2

[Event "FIDE Chesscom Grand Swiss 2019"]
[Site "Douglas-Isle of Man"]
[Date "2019.10.20"]
[Round "10.4"]
[White "Anand, Viswanathan"]
[Black "Wang, Hao"]
[Result "0-1"]
[WhiteElo "2765"]
[BlackElo "2726"]
[Annotator "TA"]
[PlyCount "56"]
[EventDate "2019.10.10"]
[EventType "swiss"]
[EventCountry "GBR"]
[SourceTitle "playchess.com"]
[Source "ChessBase"]
[SourceQuality "1"]

{[%evp 12,56,0,0,0,0,0,0,0,0,0,0,0,0,0,0,0,0,0,0,0,0,0,0,0,0,0,-9,-14,-10,0,0,0,-8,-6,-6,-13,-75,-69,-97,-104,-160,-153,-150,-156,-680,-683]} 1. e4 e5 2. Nf3 Nf6 3. d4 Nxe4 4. Bd3 d5 5. Nxe5 Nd7 6. Nc3 Nxe5 7. dxe5 Bb4 {C43: Petroff Defence: 3 d4} (7... Nxc3 8. bxc3 Be7 9. O-O O-O 10. f4 f5 11. Be3 Be6 12. a4 Qd7 13. Qf3 Rfd8 14. Rfd1 c5 15. Kh1 g6 16. h3 Qc7 17. Qf2 {1-0 (60) Vitiugov,N (2732)-So,W (2767) Khanty-Mansiysk 2019}) 8. O-O Nxc3 9. bxc3 Bxc3 {[%mdl 64] [#] Double Attack. The position is equal.} 10. Rb1 O-O ({Wrong is} 10... Bxe5 $2 11. Re1 $18) 11. Bxh7+ {[%mdl 64] Decoy} Kxh7 12. Qd3+ {[%mdl 64] Double Attack} Kg8 13. Qxc3 b6 14. Qg3 {And now Bh6! would win.} Qd7 15. Rb4 Qf5 16. Rh4 Re8 17. f4 Re6 (17... Qxc2 18. Qf3) 18. Qf3 Qe4 19. Qxe4 $146 ({Reject} 19. Qh5 Rh6 $17) (19. Qf2 {with more complications.} Rc6 20. c3 Rxc3 21. Rh8+ Kxh8 22. Qh4+) ({Predecessor:} 19. Rh5) 19... dxe4 20. Rg4 Ba6 21. Re1 Rd8 $36 {[%mdl 2048] Black fights for an advantage.} 22. Rg3 Rc6 23. f5 $1 {Threatens to win with Bg5.} Rd5 24. e6 (24. h4 $11) 24... Rxf5 $17 25. Ra3 Bc4 ({Inferior is} 25... Rxc2 26. Rxa6 Rff2 27. Kh1 $14) 26. exf7+ (26. e7 $142 Re5 27. Rxa7 Rxe7 28. a4) 26... Bxf7 27. c3 a5 28. Rxe4 $2 {[#]} (28. h4 $17) 28... Rcf6 {Accuracy: White = 61%, Black = 89%.} 0-1

[Event "FIDE Chesscom Grand Swiss 2019"]
[Site "Douglas-Isle of Man"]
[Date "2019.10.20"]
[Round "10.4"]
[White "L'Ami, Erwin"]
[Black "Kamsky, Gata"]
[Result "1/2-1/2"]
[WhiteElo "2619"]
[BlackElo "2685"]
[Annotator "TA"]
[PlyCount "60"]
[EventDate "2019.10.10"]
[EventType "swiss"]
[EventCountry "GBR"]
[SourceTitle "playchess.com"]
[Source "ChessBase"]
[SourceQuality "1"]

{[%evp 14,60,28,16,20,17,13,22,41,-49,-59,-68,-1,-2,-6,0,0,-16,-4,-9,-9,-11,-4,-3,-9,-9,-6,-8,0,-13,-5,-4,0,-14,-12,-13,-8,-12,-4,-6,0,0,0,0,0,0,0,0,0]} 1. d4 d5 2. c4 c6 3. Nf3 Nf6 4. Nc3 a6 5. e3 g6 6. Bd3 Bg7 7. O-O O-O 8. h3 dxc4 {D94: Grünfeld: 4 Nf3 Bg7 5 e3} (8... b5 9. b3 Nbd7 10. Bb2 bxc4 11. bxc4 dxc4 12. Bxc4 c5 13. Rb1 cxd4 14. Nxd4 Ne5 15. Be2 Bb7 16. Na4 {1-0 (55) Fedoseev,V (2724)-Artemiev,V (2697) Moscow 2018}) 9. Bxc4 b5 10. Be2 c5 11. b3 (11. dxc5 $14 Qc7 12. e4) 11... Bb7 $15 12. Bb2 Nbd7 ({Better is} 12... cxd4 $15 13. exd4 (13. Nxd4 e5 $15) 13... Nc6) 13. Rc1 $11 {The position is equal.} Rc8 14. dxc5 $146 ({Predecessor:} 14. Qd3 Qa5 15. Rfd1 cxd4 16. Qxd4 {½-½ (49) Besedes,D (2249)-Drazic,S (2379) Subotica 2019}) 14... Nxc5 15. Qxd8 Rfxd8 16. Rfd1 Rxd1+ 17. Nxd1 Nd5 18. Bxg7 Kxg7 19. Nd2 Nb4 20. a3 Nbd3 21. Rc3 b4 22. axb4 Nxb4 23. f3 f5 24. Kf1 Kf6 25. Rc4 a5 26. Nb2 Bd5 27. Rc1 {And now Na4 would win.} Na2 28. Rc2 {[#] Na4 is the strong threat.} Nb4 29. Rc1 {aiming for Na4.} Na2 30. Rc2 {Threatens to win with Na4.} Nb4 {Accuracy: White = 57%, Black = 65%.} 1/2-1/2

[Event "FIDE Chesscom Grand Swiss 2019"]
[Site "Douglas-Isle of Man"]
[Date "2019.10.20"]
[Round "10.5"]
[White "Karjakin, Sergey"]
[Black "Alekseenko, Kirill"]
[Result "0-1"]
[WhiteElo "2760"]
[BlackElo "2674"]
[Annotator "TA RC"]
[PlyCount "178"]
[EventDate "2019.10.10"]
[EventType "swiss"]
[EventCountry "GBR"]
[SourceTitle "playchess.com"]
[Source "ChessBase"]
[SourceQuality "1"]

{[%evp 9,178,40,37,22,33,0,0,0,0,0,0,0,0,0,0,0,0,0,0,0,0,0,0,0,0,0,0,0,0,0,0,-22,-22,-23,-23,-22,-17,-25,-19,-16,-24,-35,-22,-32,-41,-59,-55,-50,-57,-56,-47,-53,-20,-118,-121,-124,-93,-95,-97,-118,-146,-152,0,-154,-150,-131,-146,-128,0,-169,-158,-157,-146,-162,0,0,0,-108,-91,-100,-108,-138,-144,-175,-173,-173,-170,-174,-172,-171,-120,-184,-180,-177,-178,-184,-174,-176,-132,-236,-236,-236,-236,-236,-236,-233,-222,-230,-228,-258,-243,-243,-243,-243,-243,-243,-243,-243,-243,-243,-243,-243,-243,-243,-243,-243,-247,-247,-247,-247,-247,-248,-248,-249,-247,-247,-248,-255,-255,-418,-423,-411,-391,-582,-552,-656,-647,-747,-747,-744,-730,-930,-720,-705,-687,-888,-834,-715,-597,-1793,-1770,-1513,-1391,-2137,-2163,-5949,-11608,-29987,-29988,-29988,-29989]} 1. Nf3 d5 2. g3 Nd7 3. d4 Nb6 (3... b5 4. Bg2 Bb7 5. O-O Ngf6 6. a4 b4 7. c4 bxc3 8. Nxc3 e6 9. Bf4 c6 10. a5 Ba6 11. Qa4 {1-0 (48) Vitiugov,N (2727)-Postny,E (2601) Riga 2019}) 4. Bg2 Bf5 5. O-O e6 6. Ne5 $146 {D02: 1 d4 d5 2 Nf3 sidelines, including 2...Nf6 3 g3 and 2...Nf6 3 Bf4} ({Predecessor:} 6. Nbd2 Nf6 7. Ne5 c6 8. c4 Be7 9. Qb3 O-O 10. c5 Nbd7 11. Qxb7 Nxe5 12. dxe5 {½-½ (33) Barcza,G-Prins,L Leipzig 1960}) 6... c6 7. c4 f6 8. cxd5 {The position is equal.} fxe5 9. dxc6 e4 ({Don't blunder} 9... Qxd4 $2 10. cxb7 Rd8 11. Qxd4 $18) 10. cxb7 Rb8 11. Nc3 Nf6 12. Bg5 Be7 13. Bxf6 Bxf6 14. Nxe4 Bxe4 15. Bxe4 Qxd4 16. Qc2 Qc4 17. Qxc4 Nxc4 18. Rfd1 Nxb2 19. Bc6+ Kf8 20. Rd7 Nd3 {Hoping for ...Ne5.} 21. Rd1 $1 {[%cal Rd1d3]} Nc5 $1 {[%cal Rc5d7]} ({Much weaker is} 21... Ne5 $6 22. Rc7 $14) 22. R7d2 $1 ({Much worse is} 22. Rc7 Be5 $17) 22... Kf7 23. Rc2 Be7 24. Rb1 Rhd8 25. Rb5 Na6 $1 {[%cal Ra6b4]} 26. Bf3 Nb4 $1 27. Rc4 Nd5 $1 28. Rc6 Rd7 29. Bg4 Nc7 30. Rb3 Bd6 31. Bf3 (31. e4 $11) 31... Nd5 $17 32. Kg2 Ke7 33. Bxd5 exd5 34. Re3+ Kf7 35. Rf3+ Ke7 36. Re3+ Kf6 37. Rf3+ Ke6 38. Re3+ Kf6 39. Rf3+ $1 Ke5 40. Re3+ {[#]} Kf5 $1 41. Rf3+ Ke6 $2 (41... Kg5 $19 42. h4+ Kg4) 42. Re3+ $11 Kf7 (42... Kf5 $11 43. Rf3+ Ke6) 43. Rf3+ $1 $17 Kg8 44. Rc8+ Rd8 45. Rfc3 Kf7 46. R3c6 {Threatens to win with Rxd8.} Ke7 47. Ra6 Rdxc8 48. bxc8=Q Rxc8 49. Rxa7+ $19 {[%mdl 4096] Endgame KRB-KR} Rc7 ({Black should play} 49... Bc7 $19 50. Ra6 Kd7) 50. Ra5 (50. Rxc7+ $17 Bxc7 51. Kf3) 50... Bc5 51. e3 Kd6 52. Ra6+ Kd7 53. Ra4 Ra7 54. Rh4 (54. Rxa7+ $17 Bxa7 55. h3) 54... Rxa2 55. Kf3 h6 56. Rg4 Bf8 57. Rf4 Be7 58. Rf7 g6 59. h4 Ra6 60. Rh7 Rf6+ 61. Kg2 h5 62. Rh8 Rf8 63. Rh6 {[#]} Rg8 $1 64. Rh7 Ke6 65. Kg1 Rf8 66. Rg7 Kf6 67. Rh7 Rf7 68. Rh8 Bf8 69. Rg8 Kf5 70. Kg2 Rf6 71. Rh8 Ke6 72. Rh7 Rf7 73. Rh8 Ke7 74. f4 $2 (74. Kf1) 74... Kf6 {White must now prevent ...Kg7.} 75. Rg8 Bc5 {And now ...Rf8 would win.} 76. Rd8 (76. Re8 {was forced.}) 76... Ke6 77. Rg8 Kf5 78. Kf3 Rf8 79. Rg7 Re8 80. Rf7+ Ke6 81. Rb7 Ra8 82. Rg7 Ra3 83. Rxg6+ Ke7 84. Rg5 Rxe3+ 85. Kg2 Kd6 86. Rxh5 d4 87. Rh8 d3 88. h5 Kd7 89. Rh7+ Kc6 {Accuracy: White = 65%, Black = 88%.} 0-1